000 00451nam a22001697a 4500
003 MACL
005 20160221112336.0
008 160221b xxu||||| |||| 00| 0 eng d
040 _cMACL
041 _aEnglish
082 _a620/MIL
100 _aMillman Jacob
_939335
245 _aIntegrated Electronics
_bAnalog And Digital Circuits and Systems
260 _aNew Delhi
_bTata McGraw Hill
_c2010
650 _aElectronics
_927404
942 _2ddc
_cBK
999 _c53365
_d53365